书目信息 |
| 题名: |
王弼集校释
|
|
| 作者: | 王弼 著 | |
| 分册: | 下 | |
| 出版信息: | 北京 中华书局 1980.08 |
|
| 页数: | 373-648页 | |
| 开本: | 19cm | |
| 丛书名: | ||
| 单 册: | ||
| 中图分类: | B235.2 | |
| 科图分类: | ||
| 主题词: | 哲学--中国--魏晋南北朝时代 , 哲学--中国--三国时代 | |
| 电子资源: | ||
| ISBN: | ||
| 000 | 00580nam0 2200217 45 | |
| 001 | 0404271581 | |
| 005 | 20060524091152.18 | |
| 010 | @dCNY2.40 | |
| 091 | @a2018.162 | |
| 100 | @a20040427d1980 km y0chiy0120 ea | |
| 101 | 0 | @achi |
| 105 | @ay z 000yy | |
| 200 | 1 | @a王弼集校释@AWang Bi Ji Xiao Shi@h下@f(魏)王弼著@F(Wei)Wang Bi Zhu |
| 210 | @a北京@c中华书局@d1980.08 | |
| 215 | @a373-648页@d19cm | |
| 606 | 0 | @a哲学@x中国@x魏晋南北朝时代 |
| 606 | 0 | @a哲学@x中国@x三国时代 |
| 690 | @aB235.2@v3 | |
| 701 | 0 | @a王弼@4著 |
| 801 | @aCN@bTSTCL@c20060524 | |
| 905 | @dB235.2@e1:2 | |
| 王弼集校释.下/(魏)王弼著.-北京:中华书局,1980.08 |
| 373-648页;19cm |
| ISBN :CNY2.40 |
| ● |
| 相关链接 |
|
|
|
|
正题名:王弼集校释
索取号:B235.2/1:2
 
预约/预借
| 序号 | 登录号 | 条形码 | 馆藏地/架位号 | 状态 | 备注 |
| 1 | 0036014 | 000506633 | 第一借阅区/ [索取号:B235.2/1:2] | 在馆 | |
| 2 | 0036015 | 202381886 | 密集书库/ [索取号:B235.2/1:2] | 在馆 |